[Event "14. Lichtenberger Sommer"]
[Site "14. Lichtenberger Sommer"]
[Date "2015.08.19"]
[Round "5.67"]
[White "Stein, Siegfried"]
[Black "Kievelitz, Bernd"]
[Result "1-0"]
[WhiteElo "1713"]
[BlackElo "1922"]
[PlyCount "49"]
[EventDate "2015.??.??"]
[WhiteTeam "SV Berolina Mitte"]
[BlackTeam "SC Zitadelle Spandau"]

1. e4 c5 2. Nf3 e6 3. d4 cxd4 4. Nxd4 a6 5. Nc3 b5 6. a3 Bb7 7. Bd3 d6 8. O-O
Nf6 9. Be3 Be7 10. f4 h5 11. h3 h4 12. e5 Nd5 13. Nxd5 Bxd5 14. Qg4 g6 15. Rae1
Kd7 16. Nf3 Nc6 17. Rd1 Kc7 18. b3 Bxf3 19. exd6+ Bxd6 20. Qxf3 Qe7 21. b4 Rac8
22. c4 bxc4 23. Bxc4 Kb7 24. Rc1 Rc7 25. Bxa6+ 1-0

[Event "14. Lichtenberger Sommer"]
[Site "14. Lichtenberger Sommer"]
[Date "2015.08.19"]
[Round "5.68"]
[White "Junge, Wolfgang"]
[Black "Woinowski, Michael"]
[Result "1-0"]
[WhiteElo "1896"]
[BlackElo "1748"]
[PlyCount "129"]
[EventDate "2015.??.??"]
[WhiteTeam "SC Friesen Lichtenberg"]
[BlackTeam "SC Kreuzberg"]

1. g4 e5 2. Bg2 Nc6 3. Nc3 Bc5 4. e3 d6 5. Na4 Bb6 6. Nxb6 axb6 7. d4 f5 8. d5
Nb8 9. gxf5 Bxf5 10. e4 Bg6 11. Ne2 Nf6 12. Ng3 Nbd7 13. Qe2 Nc5 14. O-O O-O
15. Bd2 Qe8 16. c4 Nh5 17. Nxh5 Bxh5 18. Qe3 Rf6 19. b4 Nd7 20. Kh1 Qg6 21. f3
Raf8 22. Rf2 Qf7 23. Raf1 Rf4 24. Qe2 Rf6 25. Bg5 Rg6 26. Bh3 Kh8 27. Qe3 h6
28. Bh4 Qf4 29. Qxf4 Rxf4 30. Bg3 Rf7 31. Be6 Re7 32. Bh4 Rgxe6 33. dxe6 Rxe6
34. Bg3 g5 35. h4 Kg7 36. hxg5 hxg5 37. Rh2 Kg6 38. Be1 Rf6 39. Rhf2 Nf8 40.
Bd2 Ne6 41. Be3 Rf8 42. a4 Ra8 43. Ra1 Rf8 44. Kg2 Nd4 45. Bxd4 exd4 46. a5 Ra8
47. Raa2 Rf8 48. axb6 cxb6 49. Rad2 Kf6 50. Rxd4 Ke6 51. Rd5 Rc8 52. Rfd2 Rxc4
53. Rxd6+ Ke5 54. Kg3 Bf7 55. Rxb6 Rc7 56. Rb5+ Kf6 57. Rf5+ Ke7 58. Rxg5 Rc4
59. Re5+ Be6 60. f4 Kf7 61. f5 Rc3+ 62. Kf4 Bb3 63. Rd7+ Kf8 64. Rc5 Rxc5 65.
bxc5 1-0

[Event "14. Lichtenberger Sommer"]
[Site "14. Lichtenberger Sommer"]
[Date "2015.08.19"]
[Round "5.69"]
[White "Olaizola, Miguel"]
[Black "Andersen, Jorgen Mosbech"]
[Result "1/2-1/2"]
[WhiteElo "1804"]
[BlackElo "2007"]
[PlyCount "124"]
[EventDate "2015.??.??"]
[WhiteTeam "SK Zehlendorf"]
[BlackTeam "Strömmen sjakklubb"]

1. e4 c6 2. d4 d5 3. e5 Bf5 4. g4 Bd7 5. Bd3 e6 6. Nf3 c5 7. c3 Qb6 8. h4 Nc6
9. Qb3 cxd4 10. Qxb6 axb6 11. cxd4 Nb4 12. Ke2 Rxa2 13. Rxa2 Nxa2 14. Nc3 Nb4
15. Bd2 Nxd3 16. Kxd3 Ne7 17. Ra1 Nc8 18. Na2 Be7 19. Nb4 O-O 20. g5 Bd8 21. h5
Ne7 22. Ra7 Bc8 23. Ra8 Bc7 24. Ra7 Nf5 25. Nh2 Bd7 26. Bc3 Rb8 27. Ng4 Bb5+
28. Kd2 Bd8 29. f4 Be7 30. Ra1 Nxd4 31. Bxd4 Bxb4+ 32. Ke3 Bc5 33. h6 Rc8 34.
Rd1 Bxd4+ 35. Rxd4 Rc4 36. Rd2 Re4+ 37. Kf3 Re1 38. hxg7 Kxg7 39. Rh2 Bd3 40.
Nf6 Bg6 41. Rd2 Rc1 42. Ne8+ Kf8 43. Nd6 Rc7 44. Rd4 Bc2 45. Rb4 Rc6 46. Nxb7
Ke7 47. Nd6 Bd1+ 48. Ke3 Bc2 49. Kd4 Bg6 50. Rxb6 Rxb6 51. Nc8+ Kd7 52. Nxb6+
Kc6 53. Na4 Kb5 54. Nc3+ Kb4 55. Nd1 Kb3 56. Ne3 Kxb2 57. Nxd5 exd5 58. Kxd5
Kc3 59. e6 fxe6+ 60. Kxe6 Kd4 61. f5 Bh5 62. g6 Bxg6 1/2-1/2

[Event "14. Lichtenberger Sommer"]
[Site "14. Lichtenberger Sommer"]
[Date "2015.08.19"]
[Round "5.70"]
[White "Gunkel, Wolfgang"]
[Black "Landt, Stefan"]
[Result "0-1"]
[WhiteElo "1647"]
[BlackElo "1903"]
[PlyCount "62"]
[EventDate "2015.??.??"]
[WhiteTeam "SK International Berlin"]
[BlackTeam "SV Berolina Mitte"]

1. e4 c6 2. d4 d5 3. Nc3 dxe4 4. Nxe4 Bf5 5. Ng3 Bg6 6. Nf3 Nd7 7. Bc4 e6 8.
O-O Ngf6 9. c3 Qc7 10. Bg5 O-O-O 11. Qe2 Bd6 12. Rfe1 Bf4 13. Bxf4 Qxf4 14. Qe3
Qc7 15. Ne5 Nxe5 16. dxe5 Nd7 17. f4 Qb6 18. Qxb6 Nxb6 19. Bb3 Rd2 20. Ne4 Bxe4
21. Rxe4 Rxb2 22. g4 Rd8 23. Rd4 Rd2 24. Rd1 Rxd1+ 25. Bxd1 Nd5 26. f5 Nxc3 27.
Rxd8+ Kxd8 28. Bb3 exf5 29. gxf5 Ke7 30. Kf2 f6 31. e6 g6 0-1

[Event "14. Lichtenberger Sommer"]
[Site "14. Lichtenberger Sommer"]
[Date "2015.08.19"]
[Round "5.71"]
[White "Engelhardt, Erhard"]
[Black "Schleicher, Janek"]
[Result "0-1"]
[WhiteElo "1805"]
[BlackElo "2029"]
[PlyCount "88"]
[EventDate "2015.??.??"]
[WhiteTeam "SSV Rotation Berlin"]
[BlackTeam "SV Bürgel"]

1. f4 Nf6 2. Nf3 g6 3. b3 Bg7 4. Bb2 O-O 5. e3 d5 6. Be2 c5 7. O-O Nc6 8. Ne5
Qc7 9. Nxc6 Qxc6 10. Be5 Be6 11. d3 c4 12. c3 cxd3 13. Qxd3 Ne4 14. Bxg7 Kxg7
15. Rc1 Rfc8 16. Qd4+ f6 17. c4 Nd6 18. Nd2 Nf5 19. Qd3 Qb6 20. Kf2 dxc4 21.
bxc4 Rd8 22. Qc3 Rac8 23. Rab1 Qc7 24. Nb3 Nd6 25. Nd2 Bf5 26. Rb2 Ne4+ 27.
Nxe4 Bxe4 28. Rd2 Rxd2 29. Qxd2 Rd8 30. Qc3 g5 31. fxg5 Qxh2 32. gxf6+ exf6 33.
Bf1 Qh4+ 34. Kg1 Qg3 35. Qe1 Qg5 36. Qf2 h5 37. g3 h4 38. Qf4 Qxf4 39. gxf4 Rd2
40. Bh3 Rxa2 41. c5 a5 42. Rc4 f5 43. Rc3 a4 44. Rc4 Ra1+ 0-1

[Event "14. Lichtenberger Sommer"]
[Site "14. Lichtenberger Sommer"]
[Date "2015.08.19"]
[Round "5.72"]
[White "Jacob, Karl"]
[Black "Radjenovic, Branko"]
[Result "1/2-1/2"]
[WhiteElo "1784"]
[BlackElo "1813"]
[PlyCount "115"]
[EventDate "2015.??.??"]
[WhiteTeam "SF Hettstedt"]
[BlackTeam "SK Dragojle Babic (Berlin)"]

1. Nf3 Nf6 2. d4 g6 3. Bf4 Bg7 4. h3 c6 5. e3 d6 6. Bd3 Nbd7 7. c3 Qc7 8. Nbd2
O-O 9. O-O Re8 10. e4 e5 11. Bh2 Nh5 12. dxe5 dxe5 13. Qb3 Nc5 14. Qc2 Nxd3 15.
Qxd3 Nf4 16. Qc2 Qe7 17. Rfd1 Be6 18. Nf1 Rad8 19. b3 Qf6 20. Ne1 h5 21. Nd3
Nxd3 22. Rxd3 Rxd3 23. Qxd3 Rd8 24. Qe2 Qg5 25. Qf3 Rd7 26. Kh1 Qd8 27. Ne3 Rd3
28. Rd1 Qd6 29. Qe2 Rxd1+ 30. Qxd1 Qxd1+ 31. Nxd1 b5 32. Nb2 Kf8 33. Nd3 f6 34.
Kg1 Bh6 35. f4 exf4 36. Nxf4 Bf7 37. Kf2 Ke7 38. Ke3 Kd7 39. Kd3 g5 40. Ne2 c5
41. c4 b4 42. Ng3 Bg6 43. Nf5 Bf8 44. g4 hxg4 45. hxg4 Ke6 46. Bg1 Be8 47. Bh2
Bd7 48. Bc7 Kf7 49. Bh2 Be7 50. Bc7 Kf8 51. Ke3 Kf7 52. Kf3 Kf8 53. Bh2 a5 54.
Ke3 a4 55. Kd3 axb3 56. axb3 Be6 57. Bg3 Bc8 58. Bh2 1/2-1/2

[Event "14. Lichtenberger Sommer"]
[Site "14. Lichtenberger Sommer"]
[Date "2015.08.19"]
[Round "5.73"]
[White "Günther, Boris"]
[Black "Birkestrand, Odd"]
[Result "0-1"]
[WhiteElo "1626"]
[BlackElo "1789"]
[PlyCount "78"]
[EventDate "2015.??.??"]
[WhiteTeam "SF Friedrichshagen"]
[BlackTeam "Masfjorden Sjakklubb"]

1. e4 e5 2. f4 d5 3. exd5 e4 4. d3 Nf6 5. dxe4 Nxe4 6. Nf3 Bc5 7. Qe2 O-O 8.
Qxe4 Re8 9. Ne5 f6 10. Bd3 g6 11. Nc3 Nd7 12. Qc4 Nxe5 13. fxe5 Rxe5+ 14. Kd1
c6 15. Qxc5 Bg4+ 16. Be2 Bxe2+ 17. Kd2 cxd5 18. Nxe2 Rc8 19. Qd4 Rc4 20. Qd3
Qb6 21. b3 Rce4 22. Bb2 Re3 23. Qd4 Rxe2+ 24. Kd1 Qe6 25. Bc3 b6 26. Kc1 R2e4
27. Qf2 Rf5 28. Qd2 Re2 29. Qh6 Qe4 30. Bd2 Qxg2 31. Rd1 Rff2 32. a4 a5 33. Ra2
Qf3 34. Re1 Rxh2 35. Rxe2 Rxh6 36. Re8+ Kf7 37. Re3 Rh1+ 38. Kb2 Qd1 39. Kc3
d4+ 0-1

[Event "14. Lichtenberger Sommer"]
[Site "14. Lichtenberger Sommer"]
[Date "2015.08.19"]
[Round "5.74"]
[White "Große-Honebrink, Brigitte"]
[Black "Janse, Sebastaan"]
[Result "1/2-1/2"]
[WhiteElo "1887"]
[BlackElo "1725"]
[PlyCount "149"]
[EventDate "2015.??.??"]
[WhiteTeam "SC Kreuzberg"]
[BlackTeam "SSV Klim-Op"]

1. d4 d5 2. Nf3 Nf6 3. c4 e6 4. Nc3 c6 5. cxd5 exd5 6. Bg5 Be7 7. e3 Nbd7 8.
Bd3 O-O 9. O-O Re8 10. Qc2 b6 11. Ne5 Nxe5 12. dxe5 Nd7 13. Bxe7 Qxe7 14. Bxh7+
Kh8 15. e6 Qxe6 16. Bf5 Qf6 17. Ne2 Ne5 18. Ng3 Bxf5 19. Qxf5 Qxf5 20. Nxf5 g6
21. Nd4 c5 22. Nb5 Red8 23. Rfd1 Rd7 24. Rac1 Rad8 25. b3 Nc6 26. Rd2 a6 27.
Nc3 d4 28. exd4 Nxd4 29. Kf1 Kg7 30. Na4 Rd6 31. Nb2 Nb5 32. Rxd6 Rxd6 33. Nc4
Re6 34. Re1 Rc6 35. Re3 Nd4 36. Rc3 Kf6 37. Ne3 Nf5 38. Nd5+ Ke5 39. Nb4 Rc8
40. Nc2 Rd8 41. Ne3 Nxe3+ 42. Rxe3+ Kf6 43. Ke2 Rd4 44. Re8 c4 45. Rb8 cxb3 46.
Rxb6+ Kg7 47. axb3 a5 48. Rb5 a4 49. Ke3 Rg4 50. g3 axb3 51. Rxb3 Rc4 52. h4
Ra4 53. Kf3 Kh6 54. Re3 g5 55. hxg5+ Kxg5 56. Re8 Ra3+ 57. Kg2 Kg6 58. Re3 Ra4
59. f4 Rb4 60. Kf3 Rb6 61. Ra3 Kf6 62. g4 Kg6 63. Kg3 Kh6 64. Kh4 f6 65. Re3
Ra6 66. Re8 Rb6 67. Rh8+ Kg7 68. Rh5 Ra6 69. Rb5 Kh6 70. g5+ fxg5+ 71. Rxg5 Ra1
72. Rg2 Rh1+ 73. Kg4 Kg6 74. Kf3+ Kf5 75. Rg5+ 1/2-1/2

[Event "14. Lichtenberger Sommer"]
[Site "14. Lichtenberger Sommer"]
[Date "2015.08.19"]
[Round "5.75"]
[White "Dittrich, Hans-Georg"]
[Black "Getzuhn, Detlef"]
[Result "1/2-1/2"]
[WhiteElo "1722"]
[BlackElo "1889"]
[PlyCount "35"]
[EventDate "2015.??.??"]
[WhiteTeam "SG Stadtilm"]
[BlackTeam "SV Senat (FV Schach)"]

1. e4 e5 2. Nf3 Nf6 3. Nc3 Nc6 4. Bc4 Nxe4 5. Nxe4 d5 6. Bd3 dxe4 7. Bxe4 Bd6
8. c3 f5 9. Bxc6+ bxc6 10. d4 e4 11. Ng5 Qf6 12. Qh5+ g6 13. Qh6 Bf8 14. Qh4 h6
15. Nf3 g5 16. Qh5+ Qf7 17. Qxf7+ Kxf7 18. Ne5+ 1/2-1/2

[Event "14. Lichtenberger Sommer"]
[Site "14. Lichtenberger Sommer"]
[Date "2015.08.19"]
[Round "5.76"]
[White "Matitschka, Heinz"]
[Black "Matitschka, Johannes"]
[Result "1/2-1/2"]
[WhiteElo "1910"]
[BlackElo "1542"]
[PlyCount "39"]
[EventDate "2015.??.??"]
[WhiteTeam "TSG Oberschöneweide"]
[BlackTeam "TSG Oberschöneweide"]

1. d4 Nf6 2. c4 c5 3. d5 e6 4. Nc3 exd5 5. cxd5 d6 6. e4 g6 7. Bg5 Bg7 8. Bd3
O-O 9. h3 Qa5 10. Qd2 Re8 11. Nf3 c4 12. Bc2 b5 13. O-O b4 14. Bxf6 Bxf6 15.
Nd1 c3 16. bxc3 bxc3 17. Qf4 Be5 18. Nxe5 Rxe5 19. Ne3 Ba6 20. Ng4 1/2-1/2

[Event "14. Lichtenberger Sommer"]
[Site "14. Lichtenberger Sommer"]
[Date "2015.08.19"]
[Round "5.77"]
[White "Schmidt, Rico"]
[Black "Zenkner, Christian"]
[Result "0-1"]
[WhiteElo "1828"]
[BlackElo "1919"]
[PlyCount "86"]
[EventDate "2015.??.??"]
[WhiteTeam "SG Weißensee 49"]
[BlackTeam "SC Zugzwang 95 (Berlin)"]

1. Nf3 Nc6 2. d4 d5 3. g3 Nf6 4. Bg2 Bg4 5. O-O e6 6. b3 Be7 7. Bb2 O-O 8. Nbd2
Re8 9. c4 Bf8 10. h3 Bh5 11. Re1 Ne4 12. Qc2 Nb4 13. Qc1 Bg6 14. Nxe4 Bxe4 15.
Rd1 c5 16. a3 Nc2 17. Ra2 Qb6 18. Nd2 Bxg2 19. Kxg2 Nxd4 20. Bxd4 cxd4 21. b4
dxc4 22. Nf3 e5 23. Qxc4 Rac8 24. Qd5 Qc6 25. Qxc6 Rxc6 26. b5 Rc3 27. a4 f6
28. Ne1 Rec8 29. Rd3 Kf7 30. Kf3 f5 31. Kg2 Ke6 32. g4 g5 33. Rad2 R8c4 34. Ra2
Kd5 35. f3 Rc1 36. Kf2 e4 37. fxe4+ fxe4 38. Rg3 Bc5 39. Ng2 Bd6 40. Rb3 Rc8
41. e3 d3 42. Nf4+ Bxf4 43. exf4 R1c2+ 0-1

[Event "14. Lichtenberger Sommer"]
[Site "14. Lichtenberger Sommer"]
[Date "2015.08.19"]
[Round "5.78"]
[White "Zesewitz, Maik"]
[Black "Bezy, Cedric"]
[Result "0-1"]
[WhiteElo "1652"]
[BlackElo "1780"]
[PlyCount "62"]
[EventDate "2015.??.??"]
[WhiteTeam "SF Friedrichshagen"]
[BlackTeam "La Diagonale - Eybens"]

1. d4 Nf6 2. Nf3 e6 3. c4 b6 4. Bg5 Bb7 5. Nc3 Bb4 6. e3 h6 7. Bh4 g5 8. Bg3
Ne4 9. Rc1 Bxc3+ 10. bxc3 d6 11. Nd2 Nxd2 12. Qxd2 Nd7 13. f3 f5 14. h4 Qf6 15.
hxg5 hxg5 16. Rxh8+ Qxh8 17. c5 bxc5 18. dxc5 Nxc5 19. Bxd6 cxd6 20. Qxd6 Qf8
21. Bb5+ Kf7 22. Qc7+ Qe7 23. Qh2 Kg6 24. Ke2 Rd8 25. Rh1 Qg7 26. Qh5+ Kf6 27.
Qh7 Qxh7 28. Rxh7 a6 29. Rc7 axb5 30. Rxc5 Rc8 31. Rxb5 Ba6 0-1

[Event "14. Lichtenberger Sommer"]
[Site "14. Lichtenberger Sommer"]
[Date "2015.08.19"]
[Round "5.79"]
[White "Bergmann, Jens"]
[Black "Strowig, Justin"]
[Result "1/2-1/2"]
[WhiteElo "1907"]
[BlackElo "1835"]
[PlyCount "82"]
[EventDate "2015.??.??"]
[WhiteTeam "SK Tempelhof 1931"]
[BlackTeam "SV Mattnetz Berlin"]

1. e4 e5 2. Nf3 d5 3. exd5 e4 4. Bb5+ c6 5. dxc6 bxc6 6. Bc4 exf3 7. Qxf3 Nf6
8. O-O Be7 9. Re1 O-O 10. h3 Bd6 11. d4 Bc7 12. c3 Qd6 13. g4 h5 14. Qg2 hxg4
15. hxg4 Nxg4 16. f4 Qf6 17. Nd2 Qxf4 18. Nf1 Qf6 19. Re4 Bf5 20. Rxg4 Bxg4 21.
Qxg4 c5 22. Bd5 Nc6 23. Qg2 Rad8 24. Bxc6 Rd6 25. Bg5 Qe6 26. Be4 cxd4 27. Re1
f5 28. Bc2 Qxe1 29. Bb3+ Re6 30. Qc6 Kh8 31. Bxe6 Qe4 32. Qc5 Re8 33. Bxf5 Bb6
34. Bxe4 Bxc5 35. b4 Bb6 36. Ng3 dxc3+ 37. Kg2 Rc8 38. Bc2 Bd4 39. a3 a5 40. b5
Be5 41. Nf5 Rc4 1/2-1/2

[Event "14. Lichtenberger Sommer"]
[Site "14. Lichtenberger Sommer"]
[Date "2015.08.19"]
[Round "5.80"]
[White "Rollwitz, Jürgen"]
[Black "Hesselbarth, Karlheinz"]
[Result "1/2-1/2"]
[WhiteElo "1950"]
[BlackElo "1732"]
[PlyCount "41"]
[EventDate "2015.??.??"]
[WhiteTeam "SC Rochade (Berlin)"]
[BlackTeam "SC Zugzwang 95 (Berlin)"]

1. e4 e5 2. Nf3 Nc6 3. c3 Nge7 4. d3 g6 5. Be2 Bg7 6. Nbd2 d6 7. b4 O-O 8. Bb2
h6 9. Qc2 Qe8 10. O-O Kh7 11. a3 f5 12. d4 fxe4 13. Nxe4 Nf5 14. d5 Nd8 15.
Rad1 Bd7 16. g4 Ba4 17. Qd3 Bxd1 18. Rxd1 Ne7 19. Nfg5+ Kg8 20. Qh3 Qd7 21. Bc1
1/2-1/2

[Event "14. Lichtenberger Sommer"]
[Site "14. Lichtenberger Sommer"]
[Date "2015.08.19"]
[Round "5.81"]
[White "Silies, Martin"]
[Black "Hüls, Maximilian"]
[Result "1/2-1/2"]
[WhiteElo "1880"]
[BlackElo "1552"]
[PlyCount "74"]
[EventDate "2015.??.??"]
[WhiteTeam "SF St.Johannes Spelle"]
[BlackTeam "SV Mattnetz Berlin"]

1. e4 e6 2. d4 d5 3. Nd2 dxe4 4. Nxe4 Bd7 5. Nf3 Bc6 6. Ng3 Nd7 7. Bd3 Ngf6 8.
O-O Bd6 9. Qe2 O-O 10. Ne4 Bxe4 11. Bxe4 c6 12. c3 Re8 13. Ne5 Nxe4 14. Qxe4
Nf6 15. Qe2 Qc7 16. f4 c5 17. Be3 Nd5 18. g3 Bxe5 19. dxe5 b6 20. c4 Ne7 21.
Rad1 Rad8 22. Rxd8 Rxd8 23. Rd1 Nf5 24. Bf2 Rd7 25. Qf3 h6 26. g4 Ne7 27. Be1
Qd8 28. Rxd7 Qxd7 29. Bc3 Kh7 30. Kf2 Nc6 31. Qe4+ g6 32. h4 Nb4 33. Bxb4 cxb4
34. h5 Qd2+ 35. Kg3 Qd7 36. hxg6+ fxg6 37. Kf2 Kg7 1/2-1/2

[Event "14. Lichtenberger Sommer"]
[Site "14. Lichtenberger Sommer"]
[Date "2015.08.19"]
[Round "5.82"]
[White "Bandsom, Olaf"]
[Black "Schröder, Wolfgang"]
[Result "1-0"]
[WhiteElo "1802"]
[BlackElo "1722"]
[PlyCount "81"]
[EventDate "2015.??.??"]
[WhiteTeam "SC Friesen Lichtenberg"]
[BlackTeam "SSV Rotation Berlin"]

1. e4 c5 2. Nf3 d6 3. Nc3 Nf6 4. Bc4 e6 5. O-O Be7 6. d4 cxd4 7. Nxd4 a6 8. Bb3
O-O 9. Kh1 b5 10. a3 Bb7 11. Qe2 Nbd7 12. Ba2 Rc8 13. f4 d5 14. exd5 Nxd5 15.
Nxe6 fxe6 16. Qxe6+ Kh8 17. Bxd5 Nc5 18. Qe2 Bxd5 19. Nxd5 Bh4 20. Nc3 Re8 21.
Qf3 Bf6 22. Nd5 Ne4 23. Nxf6 Nxf6 24. c3 Qb6 25. Bd2 Rcd8 26. Be1 Qe6 27. Bh4
Qf5 28. Bxf6 Qxf6 29. Rad1 Rc8 30. Qg4 Rc7 31. Qg5 Qc6 32. Rfe1 Rxe1+ 33. Rxe1
Qd7 34. Qe5 h6 35. Qe8+ Qxe8 36. Rxe8+ Kh7 37. g3 a5 38. Re5 Rb7 39. Rc5 Kg6
40. Kg2 Kf6 41. Re5 1-0

[Event "14. Lichtenberger Sommer"]
[Site "14. Lichtenberger Sommer"]
[Date "2015.08.19"]
[Round "5.83"]
[White "Bieber, Rainer"]
[Black "Wölfert, Jürgen"]
[Result "1-0"]
[WhiteElo "1745"]
[BlackElo "1776"]
[PlyCount "131"]
[EventDate "2015.??.??"]
[WhiteTeam "SV Empor Berlin"]
[BlackTeam "BSC Rehberge 1945 e.V."]

1. e4 e6 2. d4 d5 3. e5 c5 4. c3 a6 5. Nf3 Nc6 6. a3 Qc7 7. b4 cxd4 8. cxd4 Bd7
9. Bb2 Nh6 10. Nc3 b5 11. Rc1 Qb6 12. Be2 Be7 13. O-O Nf5 14. Nb1 h5 15. Qd3 g5
16. Rcd1 g4 17. Ne1 Bg5 18. Nc2 Rg8 19. Nd2 Be7 20. Nb3 h4 21. Nc5 g3 22. Ne3
gxh2+ 23. Kxh2 Bxc5 24. Nxf5 Be7 25. Ne3 Bg5 26. f4 Be7 27. Rf3 O-O-O 28. f5
Bg5 29. f6 Rg6 30. Bf1 Rdg8 31. Bc1 Kb7 32. Nc2 Bxc1 33. Rxc1 Rg3 34. Rd1 Qc7
35. Re1 R8g4 36. Rxg3 Rxg3 37. Re3 Rg4 38. Be2 Rf4 39. Qd2 Qb6 40. Rd3 Re4 41.
Bf3 a5 42. Bxe4 dxe4 43. Re3 axb4 44. axb4 Nd8 45. Rxe4 Bc6 46. Rxh4 Qa6 47.
Ne3 Qa1 48. Rh5 Be4 49. Rh4 Bc6 50. Rf4 Qb1 51. d5 exd5 52. Nxd5 Ne6 53. Rh4
Qf5 54. Ne7 Qxe5+ 55. g3 Qa1 56. Nxc6 Kxc6 57. Qf2 Qd1 58. Kg2 Qd6 59. Rg4 Qd7
60. Re4 Qd5 61. Qc2+ Kb6 62. Kh2 Ng5 63. Qf2+ Kc6 64. Re3 Ne4 65. Qc2+ Nc5 66.
Qxc5+ 1-0

[Event "14. Lichtenberger Sommer"]
[Site "14. Lichtenberger Sommer"]
[Date "2015.08.19"]
[Round "5.84"]
[White "Kohlmeyer, Dagobert"]
[Black "Nam, Seung-Zin"]
[Result "0-1"]
[WhiteElo "1867"]
[BlackElo "1608"]
[PlyCount "74"]
[EventDate "2015.??.??"]
[WhiteTeam "SC Rochade (Berlin)"]
[BlackTeam "SK Bebenhausen"]

1. e4 c5 2. Nf3 d6 3. d4 cxd4 4. Nxd4 Nf6 5. Nc3 a6 6. Be2 b5 7. a3 Bb7 8. Bd3
Nbd7 9. O-O Ne5 10. Nf3 Nxd3 11. Qxd3 e6 12. Bg5 Be7 13. Rad1 Qc7 14. Rfe1 Rd8
15. h3 h6 16. Bh4 g5 17. Bg3 Nh5 18. Bh2 Nf4 19. Qe3 e5 20. Rd2 Rg8 21. Red1
Qc8 22. Bg3 h5 23. h4 Nxg2 24. Kxg2 gxh4 25. Nxh4 Bxh4 26. Rxd6 Rxd6 27. Rxd6
Be7 28. Rd3 h4 29. Nd5 hxg3 30. Nxe7 Kxe7 31. Rc3 gxf2+ 32. Kxf2 Qd8 33. Rd3
Qc7 34. Qd2 Qb6+ 35. Re3 Qf6+ 36. Rf3 Qh4+ 37. Ke3 Qxe4+ 0-1

[Event "14. Lichtenberger Sommer"]
[Site "14. Lichtenberger Sommer"]
[Date "2015.08.19"]
[Round "5.85"]
[White "Rehmsmeier, Marc"]
[Black "Winkler, Johannes"]
[Result "1/2-1/2"]
[WhiteElo "1649"]
[BlackElo "1540"]
[PlyCount "99"]
[EventDate "2015.??.??"]
[WhiteTeam "vereinslos"]
[BlackTeam "SF 1903 Berlin"]

1. e4 e5 2. Nf3 Nc6 3. Bc4 Bc5 4. d3 Nf6 5. c3 d6 6. a4 a5 7. h3 h6 8. Nbd2 O-O
9. Bb3 Re8 10. Nf1 Be6 11. Bc2 Qd7 12. Ng3 Ne7 13. O-O c6 14. Re1 Ng6 15. d4
exd4 16. Nxd4 Ne5 17. Nxe6 Rxe6 18. Nf5 Nh7 19. Bb3 Rf6 20. h4 Rxf5 21. exf5
Qxf5 22. Be3 Bxe3 23. Rxe3 Rd8 24. Qe2 Nf6 25. Rd1 Nfg4 26. Bc2 Qf6 27. Rg3 h5
28. f3 Qf4 29. Rh3 Ne3 30. Rd4 Qh6 31. Bb1 Nd5 32. Qd1 Qe3+ 33. Kf1 Qh6 34. Rg3
Ne3+ 35. Kf2 Nxd1+ 36. Rxd1 Qf6 37. Rg5 Ng4+ 38. Kg3 Ne5 39. Rf5 Qh6 40. Rxe5
g6 41. Re7 g5 42. Rde1 gxh4+ 43. Kxh4 Qf4+ 44. Kxh5 Qh2+ 45. Kg4 Qxg2+ 46. Kf4
Qd2+ 47. Kf5 Qg2 48. Kf4 Qd2+ 49. Kf5 Qg2 50. Kf4 1/2-1/2

[Event "14. Lichtenberger Sommer"]
[Site "14. Lichtenberger Sommer"]
[Date "2015.08.19"]
[Round "5.86"]
[White "Stiemerling, Andreas"]
[Black "Wilke, Hans-Peter"]
[Result "1-0"]
[WhiteElo "1761"]
[BlackElo "1655"]
[PlyCount "105"]
[EventDate "2015.??.??"]
[WhiteTeam "SSV Rotation Berlin"]
[BlackTeam "Läufer Reinickendorf"]

1. c4 Nf6 2. d4 g6 3. Nf3 Bg7 4. Nc3 d5 5. cxd5 Nxd5 6. e4 Nxc3 7. bxc3 c5 8.
Bb5+ Nc6 9. e5 Bd7 10. Bc4 Bg4 11. Bb2 O-O 12. Be2 cxd4 13. cxd4 Qa5+ 14. Nd2
Bxe2 15. Qxe2 Rad8 16. O-O Nxd4 17. Bxd4 Rxd4 18. Nb3 Qxe5 19. Qxe5 Bxe5 20.
Nxd4 Bxd4 21. Rac1 b5 22. Rc7 e5 23. Rfc1 b4 24. Kf1 a5 25. Rb7 Bc3 26. Ra7 Rd8
27. Rxa5 Rd2 28. Ra6 e4 29. Rb1 Bb2 30. g4 Ba3 31. Ra1 f5 32. g5 f4 33. Ke1 Rc2
34. Re6 Rc4 35. Rd1 Bb2 36. Kf1 Kf7 37. Rb6 Bd4 38. Rd6 Be5 39. Rd7+ Ke6 40.
Rxh7 Kf5 41. h4 f3 42. Re7 Kf4 43. Re6 Kf5 44. Rb6 Kg4 45. Rxg6 Kxh4 46. Re6
Bf4 47. g6 Bh6 48. Re7 Kh5 49. Re6 Bg7 50. Kg1 Kg5 51. Rd5+ Kh6 52. Kh2 Rc2 53.
Kg3 1-0

[Event "14. Lichtenberger Sommer"]
[Site "14. Lichtenberger Sommer"]
[Date "2015.08.19"]
[Round "5.87"]
[White "Albinus, Günter"]
[Black "Pathasart, Somchay"]
[Result "1-0"]
[WhiteElo "1887"]
[BlackElo "1375"]
[PlyCount "87"]
[EventDate "2015.??.??"]
[WhiteTeam "SG Weißensee 49"]
[BlackTeam "vereinslos"]

1. Nf3 d6 2. d4 Nf6 3. Bf4 Bg4 4. Nbd2 Nc6 5. h3 Bh5 6. c3 Nd5 7. Bg3 e5 8. Qb3
Nb6 9. dxe5 dxe5 10. Nxe5 Nxe5 11. Bxe5 Qg5 12. Bxc7 Be7 13. Ne4 Qh6 14. Qb5+
Qc6 15. Qxc6+ bxc6 16. e3 O-O 17. Be2 Bg6 18. Bd3 Rac8 19. Bh2 Rfd8 20. Ke2 Nc4
21. Bxc4 Bxe4 22. f3 Bg6 23. e4 Kh8 24. Rhd1 f5 25. Be6 fxe4 26. Bxc8 exf3+ 27.
gxf3 Rxc8 28. Kf2 Bc5+ 29. Kg2 Re8 30. Re1 Rf8 31. Rad1 Bh5 32. Rd3 Bg6 33. Rd7
Bh5 34. f4 Bf7 35. Bg1 Bd5+ 36. Rxd5 Bxg1 37. Rf5 Rd8 38. Kxg1 h6 39. Rfe5 Rd2
40. R1e2 Rd1+ 41. Kg2 Rd6 42. Re7 a5 43. Ra7 Rf6 44. Kg3 1-0

[Event "14. Lichtenberger Sommer"]
[Site "14. Lichtenberger Sommer"]
[Date "2015.08.19"]
[Round "5.88"]
[White "Schneider, Eckehard"]
[Black "Nguyen Duc, Quang Nhat"]
[Result "1-0"]
[WhiteElo "1780"]
[BlackElo "1604"]
[PlyCount "83"]
[EventDate "2015.??.??"]
[WhiteTeam "SF 1903 Berlin"]
[BlackTeam "SC Friesen Lichtenberg"]

1. e4 e6 2. d4 d5 3. e5 c5 4. c3 Nc6 5. Nf3 Bd7 6. Be2 Nge7 7. Na3 cxd4 8. cxd4
Nf5 9. Nc2 Qb6 10. O-O Na5 11. b3 Bb5 12. Re1 Nc6 13. Bxb5 Qxb5 14. Ne3 Nxe3
15. Bxe3 Be7 16. Rc1 Nb4 17. Re2 O-O 18. a3 Nc6 19. Ra2 Na5 20. Nd2 Rac8 21. b4
Nc6 22. Nb3 a5 23. Nc5 Bxc5 24. Rxc5 Qa6 25. b5 Qa7 26. bxc6 b6 27. Rc1 Rc7 28.
Qd3 Rb8 29. a4 Ra8 30. Bg5 h6 31. Bd2 Qb8 32. Rb2 Rc8 33. Rcc2 Kh8 34. Rb1 Qc7
35. Bc1 Rg8 36. Ba3 f6 37. Bd6 Qf7 38. Rxb6 g5 39. c7 Rac8 40. Rb8 f5 41. Qa6
Qh5 42. Rc1 1-0

[Event "14. Lichtenberger Sommer"]
[Site "14. Lichtenberger Sommer"]
[Date "2015.08.19"]
[Round "5.89"]
[White "Steiner, Dominik"]
[Black "Feyer, Leon"]
[Result "0-1"]
[WhiteElo "1622"]
[BlackElo "1783"]
[PlyCount "82"]
[EventDate "2015.??.??"]
[WhiteTeam "SR Heuberg-Gosheim"]
[BlackTeam "SV Empor Berlin"]

1. e4 e5 2. Nf3 Nc6 3. Bb5 a6 4. Ba4 Nf6 5. O-O b5 6. Bb3 d6 7. c3 Be7 8. d3
O-O 9. Bg5 Na5 10. Bc2 c5 11. Nbd2 h6 12. Bh4 Bb7 13. d4 exd4 14. cxd4 cxd4 15.
Nxd4 Nd7 16. Bxe7 Qxe7 17. Nf5 Qf6 18. Rb1 Ne5 19. b3 Nac6 20. f4 Ng6 21. a4
Nb4 22. Rf2 Rfc8 23. Nf1 Nxc2 24. Nxd6 Rd8 25. e5 Nxe5 26. Qxc2 Qxd6 27. fxe5
Qxe5 28. Re2 Qd4+ 29. Kh1 Rac8 30. Qf5 Rc5 31. Qh3 Qd3 32. Qxd3 Rxd3 33. Re8+
Kh7 34. Re7 Bd5 35. b4 Rc2 36. Ne3 Rcd2 37. axb5 axb5 38. h3 Be6 39. Nf1 Rd1
40. Rxd1 Rxd1 41. Kg1 Bc4 0-1

[Event "14. Lichtenberger Sommer"]
[Site "14. Lichtenberger Sommer"]
[Date "2015.08.19"]
[Round "5.90"]
[White "Körner, Helmut"]
[Black "Wahner, Eberhard"]
[Result "1-0"]
[WhiteElo "1864"]
[BlackElo "1350"]
[PlyCount "73"]
[EventDate "2015.??.??"]
[WhiteTeam "SF Nordost Berlin"]
[BlackTeam "SC Eintracht Berlin e.V."]

1. b4 Nf6 2. Bb2 g6 3. e3 Bg7 4. c4 d6 5. Nf3 O-O 6. Nc3 e5 7. d4 exd4 8. Nxd4
b6 9. Be2 Bb7 10. Bf3 Bxf3 11. Qxf3 Nbd7 12. Nc6 Qe8 13. Nb5 Rc8 14. Nbxa7 Ne5
15. Bxe5 dxe5 16. Nxc8 e4 17. N8e7+ Kh8 18. Qe2 Nd5 19. Nxd5 Bxa1 20. O-O Bg7
21. b5 f5 22. Rd1 Qf7 23. Qd2 g5 24. g3 h5 25. Qb4 h4 26. Qd2 Qh5 27. Re1 f4
28. exf4 gxf4 29. Nxf4 Qg4 30. Qe3 Bh6 31. Kh1 h3 32. Qd4+ Kg8 33. Qxe4 Bxf4
34. gxf4 Rxf4 35. Qd5+ Kh7 36. Rg1 Rxf2 37. Rxg4 1-0